| 000 | 00376 a2200145 4500 | ||
|---|---|---|---|
| 001 | 155156 | ||
| 040 | _cEscola São Tomás de Aquino | ||
| 100 | _aLIMA, Mirna | ||
| 240 | 1 | 0 |
_aPorta Aberta / história 4º ano ensino fundamental _lpor |
| 245 | 1 | 0 | _aPorta Aberta / história 4º ano ensino fundamental |
| 300 | _a201 | ||
| 440 | 1 | _aFTD | |
| 697 | _aHISTÓRIA | ||
| 942 | _cBK | ||
| 999 |
_c155156 _d155156 |
||